000
00303nam a22001337a 4500
008
180920b xxu||||| |||| 00| 0 eng d
020
_a
9780070292260
041
_a
eng
080
_2
3 ED
_a
338
100
_a
53
101
_a
MAN
245
_a
International Management
_c
Luthans.F
942
_2
udc
_c
BK
999
_c
48097
_d
48097